| 000 | 01696nam a2200253 a 4500 | ||
|---|---|---|---|
| 001 | ASIN1405329866 | ||
| 005 | 20170105102924.0 | ||
| 008 | 131210s2008 xxu eng d | ||
| 020 | _a1405329866 (hardcover) | ||
| 020 | _a9781405329866 (hardcover) | ||
| 040 | _a0 | ||
| 050 | 0 | 4 | _aD522 |
| 050 | 0 | 4 | _aD522 |
| 082 | 0 | 4 |
_a940.3 _bWIL 2008 |
| 100 | 1 | _aWillmott, H. P. | |
| 245 | 1 | 0 |
_aWorld war i / _cH. P. Willmott. |
| 260 |
_a[S.l.] : _bDorling Kindersley Publishers Ltd, _c2008. |
||
| 300 |
_a336 p. ; _c26 cm. |
||
| 520 | _aThis is anniversary edition of this dynamic portrait of World War I. It is published to coincide with the 90th anniversary of the armistice, this dramatic account of World War I combines emotive photography with personal accounts to evoke both the futility and spirit of the Great War. Every aspect of World War I - sea, land and the home front - are explored giving you a complete picture of the conflict. Re-live major campaigns through timelines and examine the decisions and military actions which decided each outcome. Compelling eyewitness accounts of soldiers and civilians paint a vivid picture both of crucial battles and day-to-day routines. Plus, letters home and haunting war poetry highlight the most important aspect of 'the war to end all wars' - its appalling human cost. With a special anniversary guide to battlefield sites, memorials, cemeteries and visitor centres at Verdun, the Somme, Ypres and other locations commemorating the fallen of World War I. | ||
| 650 | 0 | _aMilitary campaigns | |
| 650 | 0 | _aWorld War (1914-1918) | |
| 856 | 4 | 0 |
_3Amazon.com _uhttp://www.amazon.com/exec/obidos/ASIN/1405329866/chopaconline-20 |
| 942 |
_2ddc _cBK |
||
| 999 |
_c15748 _d15748 |
||